000
00337nam a22001457a 4500
008
210607b ||||| |||| 00| 0 eng d
020
_a
0721652832
041
_a
eng
080
_a
616-053.2
082
_a
616-053.2
100
_a
8
101
_a
PED
245
_a
Clinical Pediatric Endocrinology
_c
Solomon A. Kaplan
942
_2
udc
_c
BK
999
_c
57996
_d
57996